Krefelder Stadteile - Statistiken

Allgemein
  • Dieses Quiz wurde 223 mal gespielt
  • Das Durchschnittsergebnis liegt bei 10 aus 19
Antwortstatistiken
Antwort % Korrekt
Uerdingen
91%
Fischeln
89%
Hüls
85%
Oppum
82%
Bockum
77%
Linn
70%
Traar
68%
Cracau
63%
Inrath/Kliedbruch
60%
Verberg
54%
Gartenstadt
50%
Forstwald
47%
Stadtmitte
45%
Gellep-Stratum
41%
Dießem/Lehmheide
27%
Hülser Berg
24%
Benrad-Süd
20%
Benrad-Nord
18%
Kempener Feld/Baackeshof
15%
Keine übereinstimmenden Quizze gefunden
Verteilung der Resultate
Anzahl Personen mit jedem Resultat
Perzentil nach korrekt beantworteten Fragen
Ihre Resultats-Entwicklung
Sie haben dieses Quiz noch nicht gespielt